[Event "Tashkent Sahibkiran Temur Cup"]
[Site "Tashkent"]
[Date "2023.04.17"]
[Round "5"]
[White "Madaminov, Mukhiddin"]
[Black "Aytimbetov, Jamshidbek"]
[Result "1-0"]
[WhiteElo "2436"]
[BlackElo "1846"]
[PlyCount "37"]
[EventDate "2023.04.14"]
[EventType "swiss"]
[EventRounds "9"]
[EventCountry "UZB"]
[SourceTitle "CBM 213 Extra"]
[Source "ChessBase"]
[SourceDate "2023.05.31"]
[SourceVersion "1"]
[SourceVersionDate "2023.05.31"]
[SourceQuality "1"]

1. Nf3 Nf6 2. c4 e6 3. b3 d5 4. Bb2 Be7 5. e3 0-0 6. Nc3 c5 7. cxd5 exd5 8. d4 Nc6 9. Be2 Be6 10. 0-0 Ne4 11. dxc5 Nxc5 12. Nd4 Rc8 13. Nxe6 fxe6 14. Bg4 Bf6 15. Na4 Bxb2 16. Nxc5 Qd6 17. Bxe6+ Kh8 18. Rb1 Qxc5 19. Bxc8 1-0